|
|
|
|
| LEADER |
02616nam a2200637 i 4500 |
| 001 |
nkc20172881658 |
| 003 |
CZ PrNK |
| 005 |
20180115124806.0 |
| 007 |
ta |
| 008 |
170222s2017 xr a e p 000 0 cze |
| 015 |
|
|
|a cnb002881658
|
| 020 |
|
|
|a 978-80-905726-9-0
|q (brožováno)
|
| 035 |
|
|
|a (OCoLC)1015199757
|
| 040 |
|
|
|a BOA001
|b cze
|d ABA001
|e rda
|
| 041 |
1 |
|
|a cze
|h rus
|
| 072 |
|
7 |
|a 133
|x Ezoterismus. Okultismus
|2 Konspekt
|9 17
|
| 072 |
|
7 |
|a 37.016
|x Učební osnovy. Vyučovací předměty. Učebnice
|2 Konspekt
|9 22
|
| 080 |
|
|
|a 159.923.5
|2 MRF
|
| 080 |
|
|
|a 133
|2 MRF
|
| 080 |
|
|
|a 577.337
|2 MRF
|
| 080 |
|
|
|a 159.9.016.1
|2 MRF
|
| 080 |
|
|
|a 130.12+2-188.2/.3-584.5
|2 MRF
|
| 080 |
|
|
|a 133.2
|2 MRF
|
| 080 |
|
|
|a (035)
|2 MRF
|
| 100 |
1 |
|
|a Petrov, Arkadij Naumovič,
|d 1946-
|7 jo2014825710
|4 aut
|
| 240 |
1 |
0 |
|a Sistema upražnenij po razvitiju sposobnostej čeloveka Drevo žizni.
|l Česky
|
| 245 |
1 |
0 |
|a Systém cvičení pro rozvoj schopností člověka "Strom života" :
|b praktická příručka /
|c Arkadij Petrov ; přeložila Libuše Bělousová
|
| 246 |
3 |
0 |
|a Strom života
|
| 264 |
|
1 |
|a Brno :
|b Libuše Bělousová,
|c 2017
|
| 300 |
|
|
|a 120 stran :
|b ilustrace (některé barevné) ;
|c 21 cm
|
| 336 |
|
|
|a text
|b txt
|2 rdacontent
|
| 337 |
|
|
|a bez média
|b n
|2 rdamedia
|
| 338 |
|
|
|a svazek
|b nc
|2 rdacarrier
|
| 500 |
|
|
|a Na obálce nad názvem: bioinformační technologie XXI. století
|
| 500 |
|
|
|a Obálkový podnázev: praktická učebnice
|
| 500 |
|
|
|a Přeloženo z ruštiny
|
| 521 |
8 |
|
|a Určeno pro potřebu kurzů bioinformačních technologií
|
| 650 |
0 |
7 |
|a rozvoj osobnosti
|7 ph194683
|x esoterické pojetí
|2 czenas
|
| 650 |
0 |
7 |
|a energetický systém člověka
|7 ph137672
|x esoterické pojetí
|2 czenas
|
| 650 |
0 |
7 |
|a mysl a tělo
|7 ph135558
|2 czenas
|
| 650 |
0 |
7 |
|a duchovní síla
|7 ph490147
|2 czenas
|
| 650 |
0 |
7 |
|a učení Strom života
|7 ph934311
|2 czenas
|
| 650 |
0 |
9 |
|a personality development
|x esoteric approach
|2 eczenas
|
| 650 |
0 |
9 |
|a human bioenergetics
|x esoteric approach
|2 eczenas
|
| 650 |
0 |
9 |
|a mind and body
|2 eczenas
|
| 650 |
0 |
9 |
|a spiritual power
|2 eczenas
|
| 650 |
0 |
9 |
|a Tree of life doctrine
|2 eczenas
|
| 655 |
|
7 |
|a učební texty
|7 fd133599
|2 czenas
|
| 655 |
|
9 |
|a educational texts
|2 eczenas
|
| 700 |
1 |
|
|a Bělousová, Libuše,
|d 1944-
|7 ola2015895295
|4 trl
|
| 910 |
2 |
|
|a BOA001
|b 2-1393.504
|
| 990 |
|
|
|a BK
|
| 995 |
|
|
|a 01
|
| 991 |
|
|
|b 201709
|c NOV
|
| 996 |
6 |
|
|b 2610717501
|c 2-1393.504
|l MZK
|r Sklad / do 1 hodiny
|n 2
|p p.v.
|w 001627299
|u 000010
|a 1
|e BOA001
|j MZK50
|s P
|
| 996 |
7 |
|
|b 2610717502
|c 2-1393.504
|l MZK
|r Sklad / do 1 hodiny
|n 15
|p p.v.
|w 001627299
|u 000020
|a 1
|e BOA001
|j MZK50
|s A
|